[Event "LSS WC-2012-T-00004"]
[Site "LSS email"]
[Date "2010.12.19"]
[Round "?"]
[White "Bergmann, Michael"]
[Black "Ivanov, Alexandr Sergeevich"]
[Result "1/2-1/2"]
[WhiteElo "2440"]
[BlackElo "2321"]
[PlyCount "49"]
[EventDate "2010.12.18"]
[EventType "tourn (corr)"]
[EventRounds "10"]
[EventCountry "GER"]
[SourceTitle "Telechess CBM 157"]
[Source "ChessBase"]
[SourceDate "2013.11.12"]
[SourceVersion "1"]
[SourceVersionDate "2013.11.12"]
[SourceQuality "1"]

1. e4 e6 2. d4 d5 3. Nc3 Nf6 4. e5 Nfd7 5. f4 c5 6. Nf3 Nc6 7. Be3 a6 8. Qd2 b5 9. a3 Bb7 10. Bd3 Qb6 11. Qf2 cxd4 12. Nxd4 Bc5 13. Nce2 b4 14. c3 a5 15. axb4 axb4 16. Rxa8+ Bxa8 17. 0-0 0-0 18. Nc1 bxc3 19. bxc3 Na5 20. Bc2 Nc4 21. Nd3 Be7 22. f5 Nxe3 23. Qxe3 exf5 24. Ba4 Nb8 25. Rxf5 1/2-1/2

[Event "LSS WC-2012-T-00004"]
[Site "LSS email"]
[Date "2010.12.19"]
[Round "?"]
[White "Bjazevic, Pavao"]
[Black "Ivanov, Alexandr Sergeevich"]
[Result "1/2-1/2"]
[WhiteElo "2287"]
[BlackElo "2321"]
[PlyCount "84"]
[EventDate "2010.12.18"]
[EventType "tourn (corr)"]
[EventRounds "10"]
[EventCountry "GER"]
[SourceTitle "Telechess CBM 157"]
[Source "ChessBase"]
[SourceDate "2013.11.12"]
[SourceVersion "1"]
[SourceVersionDate "2013.11.12"]
[SourceQuality "1"]

1. d4 d5 2. c4 e6 3. Nf3 Nf6 4. g3 Be7 5. Bg2 0-0 6. 0-0 dxc4 7. Qc2 a6 8. a4 Bd7 9. Qxc4 Bc6 10. Bg5 a5 11. Nc3 Na6 12. Bxf6 Bxf6 13. e4 Nb4 14. Rfd1 g6 15. Rac1 Ra6 16. Qe2 Bg7 17. Ne5 Bxe5 18. dxe5 Qe7 19. Bf1 Raa8 20. Qf3 Kg7 21. h4 Rad8 22. Bc4 b6 23. Qf4 h6 24. Kg2 Bb7 25. Bb5 c6 26. Bc4 c5 27. Rd6 Nc6 28. Bb5 Rxd6 29. exd6 Qf6 30. Qxf6+ Kxf6 31. f4 Nd4 32. Rf1 e5 33. fxe5+ Kxe5 34. d7 Nxb5 35. Rxf7 Rd8 36. axb5 Bxe4+ 37. Nxe4 Kxe4 38. Rg7 a4 39. Rxg6 Rxd7 40. Rxh6 Rd2+ 41. Kh3 Rxb2 42. Rxb6 c4 1/2-1/2

[Event "LSS WC-2012-T-00004"]
[Site "LSS email"]
[Date "2010.12.19"]
[Round "?"]
[White "Ivanov, Alexandr Sergeevich"]
[Black "Noble, Mark Frederick"]
[Result "1/2-1/2"]
[WhiteElo "2321"]
[BlackElo "2424"]
[PlyCount "61"]
[EventDate "2010.12.18"]
[EventType "tourn (corr)"]
[EventRounds "10"]
[EventCountry "GER"]
[SourceTitle "Telechess CBM 157"]
[Source "ChessBase"]
[SourceDate "2013.11.12"]
[SourceVersion "1"]
[SourceVersionDate "2013.11.12"]
[SourceQuality "1"]

1. e4 c5 2. Nf3 Nc6 3. d4 cxd4 4. Nxd4 Nf6 5. Nc3 e5 6. Ndb5 d6 7. Bg5 a6 8. Na3 b5 9. Nd5 Be7 10. Bxf6 Bxf6 11. c3 0-0 12. Nc2 Bg5 13. a4 bxa4 14. Rxa4 a5 15. Bc4 Rb8 16. b3 Kh8 17. 0-0 f5 18. exf5 Bxf5 19. Nce3 Bg6 20. h3 Rb7 21. Bd3 Bf7 22. Be4 Rb8 23. Ra3 Ne7 24. Nxe7 Qxe7 25. Nd5 Bxd5 26. Qxd5 Qc7 27. Rxa5 Qxc3 28. Rb1 Qd2 29. Bf3 Qc2 30. Rba1 Qxb3 31. Qxd6 1/2-1/2

[Event "LSS WC-2012-T-00004"]
[Site "LSS email"]
[Date "2010.12.19"]
[Round "?"]
[White "Van Seben, Edgar"]
[Black "Ivanov, Alexandr Sergeevich"]
[Result "1/2-1/2"]
[WhiteElo "2426"]
[BlackElo "2321"]
[PlyCount "60"]
[EventDate "2010.12.18"]
[EventType "tourn (corr)"]
[EventRounds "10"]
[EventCountry "GER"]
[SourceTitle "Telechess CBM 157"]
[Source "ChessBase"]
[SourceDate "2013.11.12"]
[SourceVersion "1"]
[SourceVersionDate "2013.11.12"]
[SourceQuality "1"]

1. d4 d5 2. c4 e6 3. Nc3 Nf6 4. cxd5 exd5 5. Bg5 c6 6. e3 Be7 7. Bd3 Nbd7 8. Qc2 Nf8 9. Nf3 Ne6 10. Bh4 g6 11. 0-0 0-0 12. Rab1 Ng7 13. b4 a6 14. a4 Bf5 15. b5 Bxd3 16. Qxd3 axb5 17. axb5 Nf5 18. Bg5 Nd7 19. bxc6 bxc6 20. Bxe7 Qxe7 21. Rfe1 Nd6 22. h3 Ra7 23. e4 dxe4 24. Nxe4 Nxe4 25. Rxe4 Qd6 26. Qc2 Rc8 27. Ree1 c5 28. dxc5 Rxc5 29. Qb2 Ra8 30. Rbd1 Rd5 1/2-1/2